000 00559nam a2200121Ia 4500
008 220620s9999||||xx |||||||||||||| ||und||
245 0 _aAbleism in Academia
_bTheorising experiences of disabilities and chronic illnesses in higher education
546 _aEnglish[eng]
650 _adisability||ableism||academia||higher education||chronic pain||illness||physical impairment||technicism||social justice||sociology
700 _aBrown, Nicole||Leigh, Jennifer
856 _uhttps://library.oapen.org/bitstream/20.500.12657/51775/1/9781787354975.pdf
942 _cEB
999 _c24452
_d24452